Le règne des protistes (Record no. 155055)
[ view plain ]
| 000 -LEADER | |
|---|---|
| campo de control de longitud fija | 00889nam a22001935i 4500 |
| 001 - NÚMERO DE CONTROL | |
| campo de control | 155055 |
| 003 - IDENTIFICADOR DE NÚMERO DE CONTROL | |
| campo de control | ES-MaACL |
| 005 - FECHA Y HORA DE LA ÚLTIMA TRANSACCIÓN | |
| campo de control | 20230906205940.0 |
| 008 - DATOS DE LONGITUD FIJA--INFORMACIÓN GENERAL | |
| campo de control de longitud fija | 970226s1879 fr a |||| | fre d |
| 040 ## - FUENTE DE CATALOGACIÓN | |
| Centro catalogador/agencia de origen | CLM |
| Lengua de catalogación | spa |
| Centro/agencia transcriptor | CCPB | SIC |
| 100 0# - ENTRADA PRINCIPAL--NOMBRE DE PERSONA | |
| Nombre de persona | Haeckel, Ernst. |
| 9 (RLIN) | 187919 |
| 245 13 - MENCIÓN DEL TÍTULO | |
| Título | Le règne des protistes |
| Resto del título | : aperçu sur la morphologie des êtres vivants, les plus inférieurs suivi de la classification des protistes / |
| Mención de responsabilidad, etc. | par Ernest Haeckel ; traduit de l'allemand et précédé d'une introduction par Jules Soury ; ouvrage contenant 58 gravures sur bois. |
| 260 ## - PUBLICACIÓN, DISTRIBUCIÓN, ETC. | |
| Lugar de publicación, distribución, etc. | Paris : |
| Nombre del editor, distribuidor, etc. | C. Reinwald et Cie., libraires-éditeurs, |
| Fecha de publicación, distribución, etc. | 1879 ( |
| Fabricante | Typographie Paul Schmidt) |
| 300 ## - DESCRIPCIÓN FÍSICA | |
| Extensión | LXIV, 121 p. : |
| Otras características físicas | il. ; |
| Dimensiones | 25 cm. |
| 596 ## - NOTA AL PIE DE IMPRENTA | |
| NOTA AL PIE DE IMPRENTA | En colofón : "Imprimerie de Hüthel & Herrmann à Leipsic" |
| 700 1# - ENTRADA AGREGADA--NOMBRE PERSONAL | |
| Nombre de persona | Soury, Jules. |
| 9 (RLIN) | 132857 |
| 852 ## - LOCALIZACIÓN | |
| Ubicación | ES-MaACL |
| Número de control de estantería | B-3946 |
| Nota libre | -- Enc. tela |
| Estatus retirado | Estado de pérdida | Estado de daño | No para préstamo | Colección | Biblioteca de origen | Biblioteca actual | Ubicación en estantería | Fecha de adquisición | Fuente de adquisición | Total de préstamos | Signatura topográfica completa | Código de barras | Visto por última vez | Precio de reemplazo | Tipo de ítem Koha |
|---|---|---|---|---|---|---|---|---|---|---|---|---|---|---|---|
| Libros del s. XIX | Biblioteca del Ateneo de Madrid | Biblioteca del Ateneo de Madrid | Sala Pardo Bazán | 17/01/2008 | B-3946 | 1162195 | 23/02/2023 | 23/02/2023 | Libro impreso antiguo |
